| 000 | 00593nam a2200181Ia 4500 | ||
|---|---|---|---|
| 008 | 100920s9999 xx 000 0 und d | ||
| 082 |
_b40972 _a491.462 थ 79 |
||
| 100 | _aकिणीकर रॉय. | ||
| 245 | _aखजिन्याची विहीर. | ||
| 260 |
_bश्रीशब्द प्रकाशन ,पुणे. _c1979 |
||
| 300 |
_a59 _bसाधी |
||
| 365 | _b7 | ||
| 520 | _aनाटक. | ||
| 630 | _aखजिन्याची विहीर. | ||
| 650 | _aनाटक. | ||
| 730 | _aखजिन्याची विहीर. | ||
| 942 | _cBOOK | ||
| 999 |
_c691842 _d691839 |
||